000 00770nam a2200217Ia 4500
005 20241129105740.0
008 241129s9999||||xx |||||||||||||| ||und||
020 _a978-81-7854-411-3
037 _aTB
040 _aARTS
_bhin
_cARTS
041 _ahin
_2hin
084 _aQ:448.2'C 152R2
_qARTS
100 _aगुप्ता, हिमा, ले.
245 0 _aप्राचीन भारत में प्रायशिचत्त विधान
_cगुप्ता, हिमा, ले.
260 _aदिल्ली, भारत
_bईस्टर्न बुक लिंकर्स
_c2022
300 _a367पृ0
365 _aINR
_b1450
650 _aReligion
942 _cTB
_hQ:448.2'C 152R2
999 _c1225755
_d1225755